000 00804cab a2200253 4500
001 ABS42434
008 090401t1990 xxu||||| |||| 00| 0 eng d
035 _a(Sirsi) u36777
041 _aeng
100 _aAnstey, M.
245 _aStandard conditions of sale
260 _c1990
350 _a0
490 _aLaw Society`s Gazette
_v87(8) 28 February 1990, 25-55(3)
520 _aReviews the new Standard Conditions of Sale introduced on 21 March to replace the Law Society `s Conditions of Sale and the National Conditions of Sale . Lists and explains conditions.
650 _aCHATTELS
650 _aCOMPLETION
650 _aCONVEYANCING
650 _aLEASEHOLD
650 _aNATIONAL CONVEYANCING PROTOCOL
690 _aPROPERTY LAW AND PRACTICE
942 _n0
948 _c04/03/1997
999 _c23798
_d23798